Special report (Record no. 80664)

MARC details
000 -LEADER
fixed length control field 00823cab a22001815a 4500
001 - CONTROL NUMBER
control field L144953
008 - FIXED-LENGTH DATA ELEMENTS--GENERAL INFORMATION
fixed length control field 080826e20080822xxkado f s 000 0 eng d
035 ## - SYSTEM CONTROL NUMBER
System control number (Sirsi) u144953
041 0# - LANGUAGE CODE
Language code of text/sound track or separate title eng
100 1# - MAIN ENTRY--PERSONAL NAME
Personal name Shah, Aditi
245 00 - TITLE STATEMENT
Title Special report
Remainder of title development and project management
260 ## - PUBLICATION, DISTRIBUTION, ETC.
Date of publication, distribution, etc. 2008
490 ## - SERIES STATEMENT
Series statement Property Week
Volume/sequential designation 73(34) 22 August 2008, 67-73(5)
520 ## - SUMMARY, ETC.
Summary, etc. Special report draws together articles on project management across sections covering construction; contractors and education. Provides detailed statistical overview on rising costs for contractors; interviews with the heads of affected companies and discussion on attempts by the Chartered Surveyors Training Trust to find alternative sources of funding.
651 #4 - SUBJECT ADDED ENTRY--GEOGRAPHIC NAME
Geographic name United Kingdom
Chronological subdivision
690 ## - LOCAL SUBJECT ADDED ENTRY--TOPICAL TERM (OCLC, RLIN)
Topical term or geographic name as entry element Project management
9 (RLIN) 6261
942 ## - ADDED ENTRY ELEMENTS (KOHA)
Suppress in OPAC 0
Holdings
Withdrawn status Lost status Source of classification or shelving scheme Damaged status Not for loan Home library Current library Shelving location Date acquired Total Checkouts Full call number Barcode Date last seen Copy number Price effective from Koha item type
    Dewey Decimal Classification     London London Journal article 26/08/2008   L144953 144953-1001 06/08/2019 1 06/08/2019 Journal article